000 00619nam a2200169Ia 4500
008 110201s9999 xx 000 0 und d
082 _bB6621
_aK 2175
100 _aअर्ल स्टेनले गार्डनर
245 _aअखेर काय झालं ?
260 _bमनोवेध प्रकाशन
365 _b120
600 _aअर्ल स्टेनले गार्डनर
630 _aअखेर काय झालं ?
700 _aअर्ल स्टेनले गार्डनर
730 _aअखेर काय झालं ?
942 _cBOOK
999 _c832224
_d832221